<?xml version="1.0" encoding="UTF-8"?>
<record
    xmlns:xsi="http://www.w3.org/2001/XMLSchema-instance"
    xsi:schemaLocation="http://www.loc.gov/MARC21/slim http://www.loc.gov/standards/marcxml/schema/MARC21slim.xsd"
    xmlns="http://www.loc.gov/MARC21/slim">

  <leader>00266nam a22001217a 4500</leader>
  <datafield tag="040" ind1=" " ind2=" ">
    <subfield code="c">SK</subfield>
  </datafield>
  <datafield tag="082" ind1=" " ind2=" ">
    <subfield code="a">332</subfield>
  </datafield>
  <datafield tag="100" ind1=" " ind2=" ">
    <subfield code="a">ASTRID AAFJES</subfield>
  </datafield>
  <datafield tag="245" ind1=" " ind2=" ">
    <subfield code="a">Credit needs and the credit providers in the rural areas</subfield>
  </datafield>
  <datafield tag="260" ind1=" " ind2=" ">
    <subfield code="a">CCRD</subfield>
    <subfield code="b">AST</subfield>
    <subfield code="c">1996</subfield>
  </datafield>
  <datafield tag="300" ind1=" " ind2=" ">
    <subfield code="a">7p.</subfield>
  </datafield>
  <datafield tag="942" ind1=" " ind2=" ">
    <subfield code="c">EK</subfield>
  </datafield>
  <datafield tag="999" ind1=" " ind2=" ">
    <subfield code="c">9943</subfield>
    <subfield code="d">9943</subfield>
  </datafield>
  <datafield tag="952" ind1=" " ind2=" ">
    <subfield code="0">0</subfield>
    <subfield code="1">0</subfield>
    <subfield code="4">0</subfield>
    <subfield code="6">332_000000000000000_AST_1996_C195</subfield>
    <subfield code="7">0</subfield>
    <subfield code="9">52184</subfield>
    <subfield code="a">LBC</subfield>
    <subfield code="b">LBC</subfield>
    <subfield code="c">C195</subfield>
    <subfield code="d">2016-09-15</subfield>
    <subfield code="o">332 AST 1996 C195</subfield>
    <subfield code="p">RUA045813</subfield>
    <subfield code="r">2016-09-15</subfield>
    <subfield code="y">EK</subfield>
  </datafield>
  <datafield tag="952" ind1=" " ind2=" ">
    <subfield code="0">0</subfield>
    <subfield code="1">0</subfield>
    <subfield code="4">0</subfield>
    <subfield code="6">332_000000000000000_AST_1996_C198</subfield>
    <subfield code="7">0</subfield>
    <subfield code="9">52310</subfield>
    <subfield code="a">LBC</subfield>
    <subfield code="b">LBC</subfield>
    <subfield code="c">C198</subfield>
    <subfield code="d">2016-09-19</subfield>
    <subfield code="o">332 AST 1996 C198</subfield>
    <subfield code="p">RUA045435</subfield>
    <subfield code="r">2016-09-19</subfield>
    <subfield code="y">EK</subfield>
  </datafield>
  <datafield tag="952" ind1=" " ind2=" ">
    <subfield code="0">0</subfield>
    <subfield code="1">0</subfield>
    <subfield code="4">0</subfield>
    <subfield code="6">332_000000000000000_AST_1996_C197</subfield>
    <subfield code="7">0</subfield>
    <subfield code="9">52311</subfield>
    <subfield code="a">LBC</subfield>
    <subfield code="b">LBC</subfield>
    <subfield code="c">C197</subfield>
    <subfield code="d">2016-09-19</subfield>
    <subfield code="o">332 AST 1996 C197</subfield>
    <subfield code="p">RUA045305</subfield>
    <subfield code="r">2016-09-19</subfield>
    <subfield code="y">EK</subfield>
  </datafield>
</record>
